Riconosci il Pokémon - Quiz n°927 - Statistics

Statistiche generali
  • Questo quiz è stato fatto 5 volte
  • Il punteggio medio è 8 su 10
Statistiche sulle risposte
Indizio Risposta % Corretto
Tipo Coleottero / Veleno
100%
Generazione Prima
100%
Altezza 0,6 m
80%
Peso 10,0 kg
80%
Tasso di cattura 120 (24.9%)
80%
Sesso 50% ♂, 50% ♀
80%
Pokémon Kakuna
80%
Tasso di allevamento Medio-Veloce
80%
Abilità Muta
80%
Stadio evoluzione Prima evoluzione
80%
Nessun quiz corrispondente trovato
Distribuzione punteggi
Percentuale di utenti per punteggio
Percentile per numero di risposta
I tuoi punteggi nel tempo
Non hai fatto questo quiz